Thermodynamics An Engineering Approach / (Record no. 564742)
[ view plain ]
| 000 -LEADER | |
|---|---|
| fixed length control field | 00416nam a2200145Ia 4500 |
| 008 - FIXED-LENGTH DATA ELEMENTS--GENERAL INFORMATION | |
| fixed length control field | 210430s9999 xx 000 0 und d |
| 020 ## - INTERNATIONAL STANDARD BOOK NUMBER | |
| International Standard Book Number | 9780073305370 |
| 082 ## - DEWEY DECIMAL CLASSIFICATION NUMBER | |
| Classification number | 621.4021 C 39 T |
| 100 ## - MAIN ENTRY--PERSONAL NAME | |
| Personal name | Yunus A.Cengel, Michael A. Boles |
| 9 (RLIN) | 54221 |
| 245 ## - TITLE STATEMENT | |
| Title | Thermodynamics An Engineering Approach / |
| Statement of responsibility, etc. | Yunus A.Cengel |
| 250 ## - EDITION STATEMENT | |
| Edition statement | 6th edition |
| 260 ## - PUBLICATION, DISTRIBUTION, ETC. | |
| Place of publication, distribution, etc. | Boston |
| Name of publisher, distributor, etc. | Graw Hill |
| Date of publication, distribution, etc. | 2006 |
| 300 ## - PHYSICAL DESCRIPTION | |
| Extent | 1018 p |
| 942 ## - ADDED ENTRY ELEMENTS (KOHA) | |
| Koha item type | Book |
| Source of classification or shelving scheme | |
| Withdrawn status | Lost status | Damaged status | Not for loan | Collection code | Permanent Location | Current Location | Shelving location | Date acquired | Total Checkouts | Total Renewals | Full call number | Barcode | Date last seen | Date last checked out | Price effective from | Koha item type |
|---|---|---|---|---|---|---|---|---|---|---|---|---|---|---|---|---|
| School of Chemical & Materials Engineering (SCME) | School of Chemical & Materials Engineering (SCME) | General Stacks | 12/14/2 | 3 | 4 | 621.4021 C 39 T | SCME-3963 | 01/02/2024 | 12/05/2023 | 04/30/2021 | Book |
